<?xml version="1.0" encoding="UTF-8"?>
<collection xmlns="http://www.loc.gov/MARC21/slim">
 <record>
  <leader>00940nam a2200205Ia 4500</leader>
  <controlfield tag="001">TDMU_18902</controlfield>
  <controlfield tag="008">210410s9999    xx            000 0 und d</controlfield>
  <datafield tag="082" ind1=" " ind2=" ">
   <subfield code="a">428.2</subfield>
  </datafield>
  <datafield tag="090" ind1=" " ind2=" ">
   <subfield code="b">NG527</subfield>
  </datafield>
  <datafield tag="100" ind1=" " ind2=" ">
   <subfield code="a">Nguyễn, Thành Yến</subfield>
  </datafield>
  <datafield tag="245" ind1=" " ind2="0">
   <subfield code="a">Luyện viết thư tín, Email, Fax bằng tiếng Anh</subfield>
  </datafield>
  <datafield tag="245" ind1=" " ind2="0">
   <subfield code="c">Nguyễn Thành Yến</subfield>
  </datafield>
  <datafield tag="260" ind1=" " ind2=" ">
   <subfield code="a">Tp. Hồ Chí Minh</subfield>
  </datafield>
  <datafield tag="260" ind1=" " ind2=" ">
   <subfield code="b">Tổng hợp Tp.HCM</subfield>
  </datafield>
  <datafield tag="260" ind1=" " ind2=" ">
   <subfield code="c">2010</subfield>
  </datafield>
  <datafield tag="300" ind1=" " ind2=" ">
   <subfield code="a">230tr.</subfield>
  </datafield>
  <datafield tag="520" ind1=" " ind2=" ">
   <subfield code="a">Gồm 3 chương: Chương 1 giới thiệu những vấn đề cơ bản về thư tín, email, fax. Chương 2 và chương 3: Truyền đạt cảm nghĩ và tình cảm của bản thân khi viết thư.</subfield>
  </datafield>
  <datafield tag="650" ind1=" " ind2=" ">
   <subfield code="a">Tiếng Anh</subfield>
   <subfield code="x">Luyện viết; Luyện viết email</subfield>
  </datafield>
  <datafield tag="856" ind1=" " ind2=" ">
   <subfield code="u">http://lrc.tdmu.edu.vn/opac/search/detail.asp?aID=2&amp;ID=18902</subfield>
  </datafield>
  <datafield tag="980" ind1=" " ind2=" ">
   <subfield code="a">Trung tâm Học liệu Trường Đại học Thủ Dầu Một</subfield>
  </datafield>
 </record>
</collection>
